000 00366nam a2200157Ia 4500
003 LK-CoDNM
008 010623t xxu||||| |||| 00| 1 eng d
040 _aLK-CoDNM
_dLK-CoDNM
_eLK-CoDNM
041 _aeng
080 _a159.9 GIL
100 _aGilmer,B.Von Haller.
245 _aPsychology
260 _bHarper Row
_aLondon
300 _b646p., 23 cm
942 _cBK
999 _c135398
_d135398